000 00537nam a22002057a 4500
001 00028842
005 20260423140203.0
008 260423b ag ||||| |||| 00| 0 spa d
020 _a842644556
040 _bspa
_cAR-CcCEOS
080 _a982:7
090 _bBUC
100 1 _aBuchholz, Quint
_91097
245 _aEl libro de los libros :
_bHistorias sobre imágenes /
_cQuint Buchholz
250 _a1ª ed.
260 _aBarcelona :
_bLumen,
_c1998.
300 _a120 p. ;
_c24x15 cm.
650 0 _ahistoria
942 _2udc
_cBK
999 _c28883
_d28883
945 _a66467
_bMelina Rolando
_c66467
_dMelina Rolando